<?xml version="1.0" encoding="UTF-8"?>
<record
    xmlns:xsi="http://www.w3.org/2001/XMLSchema-instance"
    xsi:schemaLocation="http://www.loc.gov/MARC21/slim http://www.loc.gov/standards/marcxml/schema/MARC21slim.xsd"
    xmlns="http://www.loc.gov/MARC21/slim">

  <leader>01538ngm a2200349   4500</leader>
  <controlfield tag="003">dpl</controlfield>
  <controlfield tag="005">20090112163432.0</controlfield>
  <controlfield tag="007">DVD </controlfield>
  <controlfield tag="008">||||||sp199   xxu|||||c |||  00| 0 ng d </controlfield>
  <datafield tag="010" ind1=" " ind2=" ">
    <subfield code="a">DVD-002088-2090</subfield>
  </datafield>
  <datafield tag="024" ind1=" " ind2=" ">
    <subfield code="c">390.00 for set of 4 CDS</subfield>
    <subfield code="a">TDIDE 458P</subfield>
  </datafield>
  <datafield tag="035" ind1=" " ind2=" ">
    <subfield code="a">DVD-002088-2090</subfield>
  </datafield>
  <datafield tag="040" ind1=" " ind2=" ">
    <subfield code="a">DPL</subfield>
    <subfield code="c">DPL</subfield>
  </datafield>
  <datafield tag="082" ind1=" " ind2=" ">
    <subfield code="a">DVD / GEET</subfield>
  </datafield>
  <datafield tag="245" ind1=" " ind2=" ">
    <subfield code="a">Geeta - 3</subfield>
    <subfield code="c">Times Music  Presents</subfield>
    <subfield code="h">[videorecording] DVD/</subfield>
  </datafield>
  <datafield tag="260" ind1=" " ind2=" ">
    <subfield code="b">Times Music</subfield>
  </datafield>
  <datafield tag="300" ind1=" " ind2=" ">
    <subfield code="a">1 compact disc ACD; </subfield>
    <subfield code="b">sd., </subfield>
    <subfield code="c">4 3/4 in.</subfield>
    <subfield code="f">ACD</subfield>
  </datafield>
  <datafield tag="440" ind1=" " ind2=" ">
    <subfield code="a">Times Music</subfield>
  </datafield>
  <datafield tag="500" ind1=" " ind2=" ">
    <subfield code="a">Complete in 4 ACD</subfield>
  </datafield>
  <datafield tag="500" ind1=" " ind2=" ">
    <subfield code="a">Chapter 10 to 13</subfield>
  </datafield>
  <datafield tag="538" ind1=" " ind2=" ">
    <subfield code="a">Dolby Digital 5.1 - Hindi Subtitles: English</subfield>
  </datafield>
  <datafield tag="538" ind1=" " ind2=" ">
    <subfield code="a">Anamorphic Wide Screen Format, Presented 2:35.1 Aspect Ratio Enhancaead for 16:9 Wide Screen</subfield>
  </datafield>
  <datafield tag="650" ind1=" " ind2=" ">
    <subfield code="a">Audio </subfield>
  </datafield>
  <datafield tag="700" ind1=" " ind2=" ">
    <subfield code="a">Gadaediya, Rama Hari</subfield>
  </datafield>
  <datafield tag="700" ind1=" " ind2=" ">
    <subfield code="a">Jain, Ravindra</subfield>
  </datafield>
  <datafield tag="700" ind1=" " ind2=" ">
    <subfield code="a">Wadkar, Suresh</subfield>
  </datafield>
  <datafield tag="942" ind1=" " ind2=" ">
    <subfield code="c">CF</subfield>
    <subfield code="2">ddc</subfield>
    <subfield code="h">DVD</subfield>
    <subfield code="m">GEET</subfield>
  </datafield>
  <datafield tag="999" ind1=" " ind2=" ">
    <subfield code="c">20907</subfield>
    <subfield code="d">20907</subfield>
  </datafield>
  <datafield tag="952" ind1=" " ind2=" ">
    <subfield code="0">0</subfield>
    <subfield code="1">0</subfield>
    <subfield code="2">ddc</subfield>
    <subfield code="4">0</subfield>
    <subfield code="7">0</subfield>
    <subfield code="a">L</subfield>
    <subfield code="b">L</subfield>
    <subfield code="d">2009-01-12</subfield>
    <subfield code="e">Purchase</subfield>
    <subfield code="g">390.00</subfield>
    <subfield code="l">28</subfield>
    <subfield code="o">DVD GEET</subfield>
    <subfield code="p">DVD-002088</subfield>
    <subfield code="r">2016-04-09 00:00:00</subfield>
    <subfield code="s">2016-03-28</subfield>
    <subfield code="t">1</subfield>
    <subfield code="v">390.00</subfield>
    <subfield code="w">2009-01-12</subfield>
    <subfield code="y">CF</subfield>
  </datafield>
  <datafield tag="952" ind1=" " ind2=" ">
    <subfield code="0">0</subfield>
    <subfield code="1">0</subfield>
    <subfield code="2">ddc</subfield>
    <subfield code="4">0</subfield>
    <subfield code="7">0</subfield>
    <subfield code="a">ZLS</subfield>
    <subfield code="b">ZLS</subfield>
    <subfield code="d">2009-01-12</subfield>
    <subfield code="e">Purchase</subfield>
    <subfield code="g">390.00</subfield>
    <subfield code="l">10</subfield>
    <subfield code="o">DVD GEET</subfield>
    <subfield code="p">DVD-002089</subfield>
    <subfield code="r">2014-09-02 00:00:00</subfield>
    <subfield code="s">2013-06-01</subfield>
    <subfield code="t">1</subfield>
    <subfield code="v">390.00</subfield>
    <subfield code="w">2009-01-12</subfield>
    <subfield code="y">CF</subfield>
  </datafield>
  <datafield tag="952" ind1=" " ind2=" ">
    <subfield code="0">0</subfield>
    <subfield code="1">0</subfield>
    <subfield code="2">ddc</subfield>
    <subfield code="4">0</subfield>
    <subfield code="7">0</subfield>
    <subfield code="a">BL1</subfield>
    <subfield code="b">BL1</subfield>
    <subfield code="d">2009-01-12</subfield>
    <subfield code="e">Purchase</subfield>
    <subfield code="g">390.00</subfield>
    <subfield code="l">16</subfield>
    <subfield code="o">DVD GEET</subfield>
    <subfield code="p">DVD-002090</subfield>
    <subfield code="r">2013-02-07 00:00:00</subfield>
    <subfield code="s">2013-01-24</subfield>
    <subfield code="t">1</subfield>
    <subfield code="v">390.00</subfield>
    <subfield code="w">2009-01-12</subfield>
    <subfield code="y">CF</subfield>
  </datafield>
</record>
